00555nam a2200193Ia 4500020001800000082001700018100001600035245006000051260005200111300001000163504001900173650002800192650001900220650004500239650001300284650001800297650001100315650003500326 a81-7223-562-3 aRR 920 NAN-; aNanda, S.M. 0aAdmiral S.M. Nanda: the man who bombed Karachi:a memoir aNew DelhibHarperCollins Publishers Indiac2004 a320p. aIncludes index aNanda, S.M. - Biography aNavies - India aBangladesh - History - Revolution - 1971 aPakistan aAutobiography aMemory aIndia-Pakistan conflict - 1971